MARC

Tag First Indicator Second Indicator Subfields
LEADER 00000cam a2200000 a 4500
001 in00005744094
005 20260326180129.6
006 m o d
007 cr cn|||||||||
008 750720s1967 nyua ob 001 0 eng d
040 |a E7B  |b eng  |e pn  |c E7B  |d OCLCQ  |d UBY  |d OCLCQ  |d OPELS  |d OCLCQ  |d OCLCF  |d OCLCQ  |d DEBSZ  |d OCLCO  |d OCLCQ  |d OCLCO  |d OCLCL  |d COA  |d OCLCQ  |d OCLCL 
019 |a 505141586  |a 1340091991 
020 |a 0120335050  |q (electronic bk.) 
020 |a 9780120335053  |q (electronic bk.) 
024 8 |a (WaSeSS)ssj0000334372 
035 |a (OCoLC)646756550  |z (OCoLC)505141586  |z (OCoLC)1340091991 
050 4 |a QD476  |b .A45 1967eb 
082 0 4 |a 547/.1  |2 23 
049 |a TXAM 
245 0 0 |a Advances in physical organic chemistry.  |n Volume 5 /  |c edited by V. Gold. 
260 |a New York ;  |a London :  |b Academic Press,  |c 1967. 
300 |a 1 online resource (x, 418 pages) :  |b illustrations. 
336 |a text  |b txt  |2 rdacontent 
337 |a computer  |b c  |2 rdamedia 
338 |a online resource  |b cr  |2 rdacarrier 
347 |a text file  |2 rdaft  |0 http://rdaregistry.info/termList/fileType/1002. 
490 0 |a Advances in physical organic chemistry ;  |v v. 5 
504 |a Includes bibliographical references and index. 
588 0 |a Print version record. 
650 0 |a Chemistry, Organic. 
650 0 |a Chemistry, Physical and theoretical. 
650 0 |a Physical organic chemistry. 
650 6 |a Chimie organique. 
650 6 |a Chimie physique et théorique. 
650 6 |a Chimie organique physique. 
650 7 |a organic chemistry.  |2 aat 
650 7 |a physical chemistry.  |2 aat 
650 7 |a Chemistry, Organic  |2 fast 
650 7 |a Chemistry, Physical and theoretical  |2 fast 
650 7 |a Physical organic chemistry  |2 fast 
655 7 |a Electronic books.  |2 local 
700 1 |a Gold, Victor. 
710 2 |a ScienceDirect (Online service) 
758 |i has work:  |a Volume 5 Advances in physical organic chemistry (Text)  |1 https://id.oclc.org/worldcat/entity/E39PCGm6wVkKGyYbvqvVwVgHYP  |4 https://id.oclc.org/worldcat/ontology/hasWork 
856 4 0 |u http://proxy.library.tamu.edu/login?url=https://www.sciencedirect.com/science/bookseries/00653160/5  |z Connect to the full text of this electronic book  |t 0 
936 |a BATCHLOAD 
955 |a Elsevier ScienceDirect 2026-2027 
994 |a 92  |b TXA 
999 f f |i a6cd8ecd-1221-4ff5-93dd-8fa4710f47e1  |s 3e7d34e3-f696-4d57-ab32-9ecb1513e4d9  |t 0 
952 f f |a Texas A&M University  |b College Station  |c Electronic Resources  |s www_evans  |d Available Online  |t 0  |e QD476 .A45 1967eb  |h Library of Congress classification 
998 f f |a QD476 .A45 1967eb  |t 0  |l Available Online